000 00499nam a22001931a 4500
001 3626
003 OSt
005 20260204211857.0
008 050116s1996||||dr ||||||b||||||||||spa||
050 _aRD 630 F963a
082 _aRD630 F963a
110 _aFundación de Desarrollo Agropecuario
245 _aAgricultura de patio / Emilio Olivo
264 _aSanto Domingo : F.D.A
300 _a28 p
490 _aSerie Cultivo, Guía técnica No. 29
650 _a1.AgriculturaÌ
942 _2ddc
_cBK
999 _c3626
_d3626